Στη σκιά του Βενιζέλου /

Bibliographic Details
Main Author: Βενιζέλου, Έλενα (συγγραφέας)
Other Authors: Μελά, Εύη (μεταφράστρια)
Format: Book
Language:Greek
Published: Αθήνα : Ωκεανίδα, 2002.
Series:Κυκεών (Ωκεανίδα) 7
Subjects:
LEADER 01170nam a2200277 u 4500
001 10048584
003 upatras
005 20250514132055.0
008 031027s2002 gr a gre d
020 |a 9604102699 
040 |a GR-PaULI  |b gre  |c GR-PaULI  |e AACR2 
041 0 |a gre 
082 0 4 |a 938.672 
100 1 |a Βενιζέλου, Έλενα  |e συγγραφέας  |9 40222 
245 1 0 |a Στη σκιά του Βενιζέλου /  |c Έλενα Βενιζέλου ; μετάφραση Εύη Μελά. 
260 |a Αθήνα :  |b Ωκεανίδα,  |c 2002. 
300 |a 106, [28] σ. :  |b εικ. ;  |c 21 εκ. 
490 1 |a Κυκεών ;  |v 7 
600 1 4 |a Βενιζέλος, Ελευθέριος Κ.,  |d 1864-1936  |9 5641 
700 1 |a Μελά, Εύη  |e μεταφράστρια  |9 40223 
830 0 |a Κυκεών (Ωκεανίδα)  |9 163372  |v 7 
852 |a GR-PaULI  |b ΠΑΤΡΑ  |b ΠΤΔΕ  |k ΑΣΧΕ  |h 938.672 ΒΕΝ  |m 8399  |p 025000133741  |t 1 
942 |2 ddc  |c BK 
952 |0 0  |1 0  |4 0  |6 938_672000000000000_ΒΕΝ  |7 0  |9 39515  |a PTDE  |b PTDE  |d 2016-04-24  |i 8399  |l 0  |o 938.672 ΒΕΝ  |p 025000133741  |r 2016-04-24 00:00:00  |t 1  |w 2016-04-24  |y BK15 
998 |c ΤΣΕΝΕ  |d 2003-10 
999 |c 25386  |d 25386